01280cam a22003371i 4500999001700000001000900017003000600026005001700032008004100049010001700090020002600107040002300133042000800156050002500164082001500189100005100204245020200255246002100457246001000478264003600488300003000524336002600554337002800580338002700608490003800635504005900673630004000732906004500772942001300817952011200830 c10132d1013219199586GBCCL20241126110726.0160729s2013 nyu 000 0 eng  a 2016449094 a9780567077400q(hbk.) aDLCbengerdacDLC apcc00aBS2785.53b.A45 2013 a220.7bICC1 aAllison, Dale C.,cJr.,d1955-eauthor.91755412aA critical and exegetical commentary on the Epistle of James /cby Dale C. Allison Jr., Errett M. Grable Professor of New Testament Exegesis and Early Christianity, Pittsburgh Theological Seminary.3 aEpistle of James3 aJames 1aNew Delhi :bBloomsbury,c2023. axlix, 790 pages ;c23 cm. atextbtxt2rdacontent aunmediatedbn2rdamedia avolumebnc2rdacarrier0 aInternational critical commentary aIncludes bibliographical references (pages [xi]-xlix).00aBible.pJamesvCommentaries.912474 a7bcbccorignewd2encipf20gy-gencatlg 2ddccREF 00102ddc4070aGBCbGBCcCOMd2024-03-12l0o220.7 ICCp016621r2025-05-01 00:00:00tc.1w2024-03-12yREF